Every 100k+ City in the Midwest States on a Map - Statistics

General Stats
  • This quiz has been taken 3,144 times
    2,985 since last reset
  • The average score is 36 of 51
Answers on the Map
Answers color-coded by a green-red scale on the quiz's map according to % correct below.
 
Answer Stats
Population City % Correct
2,696,555 Chicago
99%
906,528 Columbus
97%
632,464 Detroit
97%
882,039 Indianapolis
97%
425,336 Minneapolis
97%
508,394 Kansas City
96%
154,545 Kansas City
96%
569,330 Milwaukee
96%
308,935 Cincinnati
95%
367,991 Cleveland
95%
307,193 Saint Paul
94%
293,310 St. Louis
94%
487,300 Omaha
92%
212,031 Des Moines
91%
269,196 Madison
89%
292,657 Lincoln
88%
169,724 Springfield
88%
113,394 Springfield
88%
395,699 Wichita
86%
126,748 Fargo
85%
196,528 Sioux Falls
85%
268,508 Toledo
84%
107,015 Green Bay
83%
125,963 Topeka
83%
112,684 Lansing
82%
189,347 Akron
79%
197,416 Grand Rapids
79%
137,571 Dayton
72%
265,974 Fort Wayne
72%
121,536 Ann Arbor
66%
136,467 Cedar Rapids
63%
103,353 South Bend
62%
111,666 Peoria
56%
179,266 Aurora
54%
147,711 Rockford
54%
101,009 Davenport
53%
116,486 Evansville
53%
121,465 Rochester
53%
149,104 Naperville
51%
197,106 Overland Park
50%
126,853 Columbia
49%
150,372 Joliet
49%
108,420 Dearborn
43%
122,088 Independence
38%
143,014 Olathe
34%
138,130 Warren
33%
100,777 Carmel
32%
133,269 Sterling Heights
31%
113,911 Elgin
30%
101,171 Fishers
24%
102,781 Lee's Summit
24%
No matching quizzes found
Score Distribution
Percent of People with Each Score
Percentile by Number Answered
Your Score History
You have not taken this quiz since the last reset